| 000 | 01286cam a22002771 4500 | ||
|---|---|---|---|
| 001 | gs 05000367 | ||
| 003 | DLC | ||
| 005 | 20260227111301.0 | ||
| 008 | 760405s1885 xx a 000 0 eng c | ||
| 010 | _ags 05000367 | ||
| 035 | _a(OCoLC)2094546 | ||
| 040 |
_aU. S. Geol. survey. Library _cMNS _dMNS _dOCoLC _dDLC |
||
| 042 | _apremarc | ||
| 050 | 0 | 0 |
_aGS6 _b.I6 1881a |
| 086 | 0 | _aW 7.5:W 56 | |
| 100 | 1 |
_aWheeler, George M. _q(George Montague), _d1842-1905. |
|
| 245 | 0 | 0 |
_aReport upon the Third International Geographical Congress and Exhibition at Venice, Italy, 1881, _baccompanied by data concerning the principal government land and marine surveys of the world. _cPrepared and submitted by Captain George M. Wheeler, Corps of engineers, U. S. Army, commissioner and delegate. |
| 260 |
_aWashington, _bGovt. print. off., _c1885. |
||
| 300 |
_a586 p. _b11 pl. (maps) 2 fold. tab. _c30 cm. |
||
| 490 | 0 |
_aUnited States. 48th Congress, 2d Session House. Ex. doc. _vno. 270 |
|
| 500 | _aAt head of title: War Department, Corps of Engineers, U. S. Army. | ||
| 504 | _a"Published works of reference": p. 539-546. | ||
| 650 | 0 |
_aGeography _vCongresses. |
|
| 710 | 1 |
_aUnited States. _bEngineering Department. |
|
| 711 | 2 |
_aInternational Geographical Congress _n(3rd : _d1881 : _cVenice) |
|
| 999 |
_c24223 _d24223 |
||